| 000 | 00552 a2200157 4500 | ||
|---|---|---|---|
| 001 | ART_54455 | ||
| 005 | 20260410161800.0 | ||
| 008 | 260409a | ||
| 245 | 1 | 0 | _aUna propuesta de reforma tributaria para la reactivación de la producción y el nivel de empleo para el período post pandémico |
| 100 | 1 | _aAbelenda, Patricia | |
| 700 | 1 | _aAlzueta, Gerónimo | |
| 700 | 1 | _aDreiling, Paola E. | |
| 700 | 1 | _aFernández, Margarita | |
| 700 | 1 | _aVerrastro, María L. | |
| 773 | 0 |
_tDoctrina tributaria _g- N°500 (nov. 2021) _wREV4296 |
|
| 999 |
_c20478 _d20478 |
||